000 00337nam a2200121Ia 4500
008 250110s9999 xx 000 0 und d
041 _aeng
100 _aPatankar Rutuja
_9182583
245 _aInternational Airport At Nagpur
260 _bFinal Year B. Arch, BNCA
_c2014
300 _a89p
700 _aGuide Name:Chandwania Dhruv
_9210258
999 _c363450
_d363450